000 00581nam a2200181 i 4500
001 188740
003 SpMaBN
005 20250822052422.0
008 190211s2001 sp |||| | spa d
080 _a028.01
100 1 _aMillán, José Antonio,
_d1954-
_981131
245 1 3 _aLa lectura y la sociedad del conocimiento /
_cJosé Antonio Millán.
260 _a[Madrid] :
_bFederación de Gremios de Editores de España,
_c[2001]
300 _a63 p. ;
_c15 cm.
650 7 _aLibros y lectura
_2embne
_9142519
852 _aES-MaACL
_j2337-F-2
999 _c188740
_d188740